000 02177cam a22006014i 4500
003 PE-LiUPU
005 20250731170406.0
008 150617s r 000 0 d
020 _a8424921690
035 _a(Sirsi) i9788424921699
040 _aPE-LiUPU
_bspa
_cPE-LiUPU
_erda
049 _aPRUA
082 0 4 _a182
_bK59f
_221
100 1 _aKirk, G. S.,
_eautor.
245 1 4 _aLos filósofos presocráticos :
_bHistoria crítica con selección de textos /
_c[por] G.S. Kirk y J.E. Raven ; versión española de Jesús García Fernández.
264 1 _aMadrid :
_bGredos,
_c1981.
300 _a686 páginas ;
_c19 cm.
336 _atext
_2rdacontent
337 _aunmediated
_2rdamedia
338 _avolume
_2rdacarrier
490 0 _aBiblioteca hispánica de filosofía
504 _aIncluye bibliografía.
505 0 _aLos precursores de la cosmogonía filosófica -- Tales de Mileto -- Anaximandro de Mileto -- Anaxímenes de Mileto -- Jenófanes de Colofón -- Heráclito de Efeso -- Pitágoras de Samos -- Alcmeón de Crotona -- El pitagorísmo preparmenídeo -- Parménides de Elea -- Zenón de Elea -- Meliso de Samos -- Filolao de Crotona y Eeurito de Crotona -- Empédocles de Acragas -- Anaxágoras de Clazomene -- Arquetao de Atenas -- Los atomistas: Leucipo de Mileto y Demócrito de Abdera -- Diógenes de Apolonia.
526 _aSEG68
526 _aSEG70
526 _aSEG69
526 _aSEG67
526 _aSEG43
526 _aP144
526 _aP143
526 _aP131
526 _aP122
526 _aP120
526 _aP117
526 _aP112
526 _aP110
526 _aP106
526 _aP101
526 _aP80
526 _aP59
526 _aP54
526 _aP35
526 _aP33
526 _aP30
650 0 _aFilosofía antigua.
_9510
700 1 _aRaven, J. E.,
_eautor.
700 _aGarcía Fernández, Jesús.
_etraductor.
_9511
910 _ajck
942 _2ddc
_cBOOK
949 _a182 K57
_wDEWEY
_c1
_i28008
_lCCODEBUL1
_mBUL
_r0
_sY
_tBOOK
_u2015-4-22
_xSALUD
_zUNKNOWN
_0COMPRA
_o.STAFF. Colección General
999 _c3309
_d3309
980 _81
_gALBERTO SANCHEZ Responsable de Automatización